Nabi Musa dan Bani Israil

Bibliographic Details
Main Author: Syalabiy, Saad Ismail
Other Authors: Nurul Huda Ghazali (penterjemah)
Format: Book
Published: Cairo : Dar Al-FIkir Al-Arabi , 1993
Series:Siri pendidikan Al Quran untuk kanak-kanak
Subjects:

MARC

LEADER 00000cam a2200000 7i4500
001 0000007781
002 000008351
005 20000330.0
020 |a 9836235639 
090 0 0 |a 297.122   |b SYA 
100 1 |a Syalabiy, Saad Ismail 
245 1 0 |a Nabi Musa dan Bani Israil   |c Saad Ismail Syalabiy ; penterjemah oleh Nurul Huda Ghazali 
260 |a Cairo :   |b Dar Al-FIkir Al-Arabi ,   |c 1993 
300 |a 33p. :   |b ill. ;   |c 23cm. 
490 0 |a Siri pendidikan Al Quran untuk kanak-kanak 
650 0 0 |a Islamic stories, Malay 
700 1 |a Nurul Huda Ghazali ,   |e penterjemah 
999 |a 039948   |b BUKU   |c PINJAMAN   |e PERPUSTAKAAN KOMUNITI PETALING JAYA 
999 |a 039949   |b BUKU   |c PINJAMAN   |e PERPUSTAKAAN KOMUNITI PETALING JAYA 
999 |a 054964   |b BUKU   |c JUNIOR BOOKS   |e PERPUSTAKAAN KOMUNITI CAW KOTA DAMANSARA